San Diego Padres Nicknames - Statistics

General Stats
  • This quiz has been taken 405 times
    204 since last reset
  • The average score is 5 of 11
Answer Stats
Nickname Tenure Player % Correct
Mr. Padre / Captain Video 1982–2001 Tony Gwynn
94%
El Ministro de Defensa 2019– Manny Machado
83%
Goose 1984–1987 Rich Gossage
64%
Childish Bambino 2022–2023 Juan Soto
53%
Winny 1973–1980 Dave Winfield
47%
Hoz / Papo 2018–2022 Eric Hosmer
47%
El Gallo 2015–2022 Wil Myers
43%
Bip 1986, 1988–1991 Leon "Bip" Roberts
30%
Sunshine 2020–2022 Mike Clevinger
27%
Cito Gaston 1969–1974 Clarence "Cito" Gaston
25%
Mr. Clean 1983–1987 Steve Garvey
16%
No matching quizzes found
Score Distribution
Percent of People with Each Score
Percentile by Number Answered
Your Score History
You have not taken this quiz since the last reset